| 000 | 02168pam a22003131i 4500 | ||
|---|---|---|---|
| 001 | 991025425058107026 | ||
| 003 | UkOxU | ||
| 005 | 20250616095153.0 | ||
| 006 | m || d | | ||
| 007 | cr ||||||||||| | ||
| 008 | 230314r20232021enk o 000|0|eng|d | ||
| 015 |
_aGBC360250 _2bnb |
||
| 020 | _a9781786278968 | ||
| 040 |
_aStDuBDS _beng _erda _epn _cStDuBDS _dUk _dUkOxU |
||
| 041 | _aeng | ||
| 100 |
_aBoswell, Lisa, _eauthor. _925403 |
||
| 245 | 1 | 4 |
_aThe modern oracle _b: fortune telling and divination for the real world _c/ Lisa Boswell. |
| 264 | 1 |
_aLondon : _bLaurence King Publishing, _c2023. |
|
| 300 | _a192 pages : color illustrations ; 20 cm | ||
| 500 | _aPreviously issued in print: 2021. | ||
| 505 | _aSeeing signs — Crystal ball scrying — Pendulum dowsing — Reading Lenormand cards — Reading tarot cards — Crystals — Numerology — Dream interpretation — Tea leaf reading — Runes — Astrology — Palmistry — Casting — Conclusion: becoming a diviner — The A-Z of divination — List of symbols and meanings. | ||
| 506 | 1 |
_aLegal Deposit; _cOnly available on premises controlled by the deposit library and to one user at any one time; _eThe Legal Deposit Libraries (Non-Print Works) Regulations (UK). _5UkOxU |
|
| 520 | _a"Discover your fortune, change your destiny. Use your star sign to reach your fitness goals, kickstart your career with crystal energy, sort out of your love life with tarot or embark on some deep self-reflection with palmistry. With expert guidance from a fourth-generation Romany-Gypsy psychic and diviner, The Modern Oracle will teach you the key methods of fortune telling and divination, helping you answer life's big questions and solve everyday dramas. Find out what your future holds"--Publisher's description. | ||
| 540 |
_aRestricted: Printing from this resource is governed by The Legal Deposit Libraries (Non-Print Works) Regulations (UK) and UK copyright law currently in force. _5UkOxU |
||
| 588 | _aDescription based on CIP data; resource not viewed. | ||
| 650 | 0 |
_aFortune-telling. _925404 |
|
| 650 | 0 |
_aDivination. _925405 |
|
| 942 | _2lcc | ||
| 999 |
_c4725 _d4725 |
||